000 00839nas a2200289 4500
001 BR9206728
003 BR-BrBNA
005 20231205092948.0
007 ta
008 230509b bl.|||p| |||| 00| 00por d
040 _aBR-BrBNA
_bpor
_cBiblioteca Nacional de Agricultura
041 _a(Pt)
072 _aE70
100 1 _aResende, L.M. de A.
100 1 _aBrandt, S.A.
100 1 _aCarvalho, F.C. de
100 1 _aRodrigues, Q.J. de A.
245 1 _aPerdas fisicas na comercializacao de hortalicas - uma analise de bem-estar social
650 _aTOMATE
650 _aREPOLHO
650 _aCOMERCIALIZACAO
650 _aOFERTA
650 _aPERDA DA PRODUCAO
773 0 _tRevista de Olericultura (Brazil)
_x
_g(1981), (no. 18) p. 118-124
_wBR9206728
909 _a202311
_bLúcia
_c55
_dLúcia Elande
942 _2AGRIS
_n0
_cANA
999 _c135410
_d135410